Ink out of my pen/ (Record no. 204588)

MARC details
000 -LEADER
fixed length control field 00524nam a22001817a 4500
005 - DATE AND TIME OF LATEST TRANSACTION
control field 20241106124340.0
010 ## - LCCN (DPL NO)
LC control number ENG-141069
020 ## - INTERNATIONAL STANDARD BOOK NUMBER
Terms of availability 129.00
International Standard Book Number 9788196563493
035 ## - SYSTEM CONTROL NUMBER
System control number EN-124601
037 ## - SOURCE OF ACQUISITION
Source of stock number/acquisition DBAD/PUB
082 ## - DEWEY DECIMAL CLASSIFICATION NUMBER
Classification number 881
100 ## - MAIN ENTRY--PERSONAL NAME
Personal name Mopura ,Harshitha,Sai
245 ## - TITLE STATEMENT
Title Ink out of my pen/
Statement of responsibility, etc Sai Harshitha Mopuru
260 ## - PUBLICATION, DISTRIBUTION, ETC. (IMPRINT)
Place of publication, distribution, etc Andhra Pradesh
Name of publisher, distributor, etc Vinnie Publication
Date of publication, distribution, etc 2023
270 ## - ADDRESS
Address Nellore
City Andhra Pradesh
Postal code 524004
300 ## - PHYSICAL DESCRIPTION
Extent 114.Pages
Dimensions 22,(pb)
942 ## - ADDED ENTRY ELEMENTS (KOHA)
Source of classification or shelving scheme Dewey Decimal Classification
Item type English Books
Classification part 881
Call number suffix MOP
Holdings
Withdrawn status Lost status Not for loan Collection code Home library Current library Date acquired Source of acquisition Cost, normal purchase price Full call number Barcode Copy number Koha item type
      Fiction Bawana Bawana 29/07/2024 DBAD 129.00 881 MOP EN-124601 1 English Books

© Delhi Public Library
Hit Counter
free hit counter